| 000 | 01436nam a22003135a 4500 | ||
|---|---|---|---|
| 003 | OSt | ||
| 005 | 20170207122215.0 | ||
| 008 | 170207s2014 ua frb 000 0 ara d | ||
| 015 | _a2009 / 2143 | ||
| 020 | _a9789770459292 | ||
| 040 |
_aEG-ScBUE _bara _cEG-ScBUE |
||
| 043 |
_af-ua--- _an-us--- |
||
| 082 | 0 | 4 |
_a347.09 _bز م ز _222 |
| 100 | 1 | _aزمزم، عبد المنعم. | |
| 245 | 1 | 0 |
_aشرح قانون التحكيم : _bدراسة في إطار التحكيم التقليدي والتحكيم الإلكتروني / _cعبد المنعم زمزم. |
| 250 | _aط. 2. | ||
| 260 |
_aالقاهرة : _bدار النهضة العربية، _c2014. |
||
| 300 |
_a349 ص. ؛ _c24 سم. |
||
| 504 | _aيشتمل على إرجاعات ببليوجرافية. | ||
| 650 | 7 |
_aالتحكيم (قانون المرافعات) _zمصر. _2BUEsh |
|
| 650 | 7 |
_aالتحكيم (قانون المرافعات) _zالولايات المتحدة الأمريكية. _2BUEsh |
|
| 650 | 7 |
_aالتحكيم الإلكتروني _zمصر. |
|
| 650 | 7 |
_aالتحكيم الإلكتروني _zالولايات المتحدة الأمريكية. _2BUEsh |
|
| 650 | 7 |
_aالتحكيم القضائي _xمعالجة بيانات _zمصر. _2BUEsh |
|
| 650 | 7 |
_aالتحكيم القضائي _xمعالجة بيانات _zالولايات المتحدة الأمريكية. _2BUEsh |
|
| 651 | _2BUEsh | ||
| 653 |
_bLLAAWW _cFebruary2017 |
||
| 942 | _2ddc | ||
| 999 |
_c24080 _d24052 |
||